书目信息 |
| 题名: |
招贴设计
|
|
| 作者: | 欧阳禾子 著 | |
| 分册: | ||
| 出版信息: | 南宁 广西美术出版社 2013.08 |
|
| 页数: | 153页 | |
| 开本: | 29cm | |
| 丛书名: | ||
| 单 册: | ||
| 中图分类: | J218.1 | |
| 科图分类: | ||
| 主题词: | 宣传画--设计--高等学校--教材 , 宣传画 | |
| 电子资源: | ||
| ISBN: | 978-7-5494-0786-6 | |
| 000 | 00932nam0 2200289 450 | |
| 001 | 0120131146661 | |
| 005 | 20140612091550.01 | |
| 010 | @a978-7-5494-0786-6@dCNY46.00 | |
| 100 | @a20131108d2013 em y0chiy0110 ea | |
| 101 | 0 | @achi |
| 102 | @aCN@b450000 | |
| 105 | @aa z 000yy | |
| 106 | @ar | |
| 200 | 1 | @a招贴设计@9zhao tie she ji@dPoster design@f欧阳禾子[等]著@zeng |
| 210 | @a南宁@c广西美术出版社@d2013.08 | |
| 215 | @a153页@c图@d29cm | |
| 300 | @a全国高等院校设计学“十二五”规划教材 | |
| 304 | @a著者还有:李珺,陈俊晶,郭博颖 | |
| 330 | @a本书共分为四章,主要内容包括:招贴设计的概述、招贴构成要素与设计实训、招贴设计的创意表现等。 | |
| 333 | @a高等院校设计学专业师生 | |
| 510 | 1 | @aPoster design@zeng |
| 606 | 0 | @a宣传画@x设计@x高等学校@j教材 |
| 606 | 0 | @a宣传画 |
| 690 | @aJ218.1@v5 | |
| 701 | 0 | @a欧阳禾子@9ou yang he zi@4著 |
| 801 | 0 | @aCN@b人天书店@c20131108 |
| 905 | @b548638-40@dJ218.1@e681@f3 | |
| 招贴设计=Poster design/欧阳禾子[等]著.-南宁:广西美术出版社,2013.08 |
| 153页:图;29cm |
| 全国高等院校设计学“十二五”规划教材.-使用对象:高等院校设计学专业师生 |
| ISBN 978-7-5494-0786-6:CNY46.00 |
| 本书共分为四章,主要内容包括:招贴设计的概述、招贴构成要素与设计实训、招贴设计的创意表现等。 |
| ● |
| 相关链接 |
|
|
|
|
正题名:招贴设计
索取号:J218.1/681
 
预约/预借
| 序号 | 登录号 | 条形码 | 馆藏地/架位号 | 状态 | 备注 |
| 1 | 548638 | 205486384 | 第一样本阅览室/ [索取号:J218.1/681] | 在馆 | |
| 2 | 548639 | 205486393 | 第一借阅区/ [索取号:J218.1/681] | 在馆 | |
| 3 | 548640 | 205486400 | 第一借阅区/ [索取号:J218.1/681] | 在馆 |